<?xml version="1.0" encoding="UTF-8"?><?xml-stylesheet type="text/xsl" href="static/style.xsl"?><OAI-PMH xmlns="http://www.openarchives.org/OAI/2.0/" xmlns:xsi="http://www.w3.org/2001/XMLSchema-instance" xsi:schemaLocation="http://www.openarchives.org/OAI/2.0/ http://www.openarchives.org/OAI/2.0/OAI-PMH.xsd"><responseDate>2026-04-13T02:54:22Z</responseDate><request verb="GetRecord" identifier="oai:www.recercat.cat:2117/1985" metadataPrefix="marc">https://recercat.cat/oai/request</request><GetRecord><record><header><identifier>oai:recercat.cat:2117/1985</identifier><datestamp>2025-07-17T08:14:31Z</datestamp><setSpec>com_2072_1033</setSpec><setSpec>col_2072_452950</setSpec></header><metadata><record xmlns="http://www.loc.gov/MARC21/slim" xmlns:dcterms="http://purl.org/dc/terms/" xmlns:xsi="http://www.w3.org/2001/XMLSchema-instance" xmlns:doc="http://www.lyncode.com/xoai" xsi:schemaLocation="http://www.loc.gov/MARC21/slim http://www.loc.gov/standards/marcxml/schema/MARC21slim.xsd">
   <leader>00925njm 22002777a 4500</leader>
   <datafield ind2=" " ind1=" " tag="042">
      <subfield code="a">dc</subfield>
   </datafield>
   <datafield ind2=" " ind1=" " tag="720">
      <subfield code="a">Blanco Abellán, Mónica</subfield>
      <subfield code="e">author</subfield>
   </datafield>
   <datafield ind2=" " ind1=" " tag="260">
      <subfield code="c">2008-02</subfield>
   </datafield>
   <datafield ind2=" " ind1=" " tag="520">
      <subfield code="a">Sylvestre François Lacroix (1765-1843) composed textbooks in mathematics that turned out to be highly popular and influential over a period of fifty years. In fact with his work Lacroix contributed to the establishment of mathematics instruction in the new public system of education in France. Ranging over practically all branches of school mathematics, his textbooks were addressed to students of all degrees of mathematics instruction, and specifically, to engineers-to-be. In 1816 he wrote the volume Essais sur l’enseignement en général, et sur celui des mathématiques en particulier, ou Manière d’étudier et d’enseigner les Mathématiques. This work gathered Lacroix’s reflections on the education of sciences, in general, and of mathematics, in particular. The aim of this paper is to analyze some values and attitudes in education highlighted by Lacroix in his Essais. The discussion of some excerpts from this work reveals that Lacroix regarded as a fundamental component in the education of sciences and mathematics the transmission of values such as the search for the truth beyond prejudices, communication skills, collaborative work and lifelong learning, among others. Hence, Lacroix’s text, written nearly two centuries ago, displays values in engineering education that still hold today.</subfield>
   </datafield>
   <datafield ind2=" " ind1=" " tag="520">
      <subfield code="a">Peer Reviewed</subfield>
   </datafield>
   <datafield tag="653" ind2=" " ind1=" ">
      <subfield code="a">Àrees temàtiques de la UPC::Matemàtiques i estadística</subfield>
   </datafield>
   <datafield tag="653" ind2=" " ind1=" ">
      <subfield code="a">History of Mathematics</subfield>
   </datafield>
   <datafield tag="653" ind2=" " ind1=" ">
      <subfield code="a">Mathematics History</subfield>
   </datafield>
   <datafield tag="653" ind2=" " ind1=" ">
      <subfield code="a">Mathematicians Biography</subfield>
   </datafield>
   <datafield tag="653" ind2=" " ind1=" ">
      <subfield code="a">Lacroix</subfield>
   </datafield>
   <datafield tag="653" ind2=" " ind1=" ">
      <subfield code="a">mathematics textbooks</subfield>
   </datafield>
   <datafield tag="653" ind2=" " ind1=" ">
      <subfield code="a">history of mathematics education</subfield>
   </datafield>
   <datafield tag="653" ind2=" " ind1=" ">
      <subfield code="a">France</subfield>
   </datafield>
   <datafield tag="653" ind2=" " ind1=" ">
      <subfield code="a">Història de la matemàtica</subfield>
   </datafield>
   <datafield tag="653" ind2=" " ind1=" ">
      <subfield code="a">Matemàtica -- Història</subfield>
   </datafield>
   <datafield tag="653" ind2=" " ind1=" ">
      <subfield code="a">Matemàtics -- Biografia</subfield>
   </datafield>
   <datafield tag="653" ind2=" " ind1=" ">
      <subfield code="a">Classificació AMS::01 History and biography::01A History of mathematics and mathematicians</subfield>
   </datafield>
   <datafield ind2="0" ind1="0" tag="245">
      <subfield code="a">Can values and attitudes in engineering education be regarded as unchanging matters?</subfield>
   </datafield>
</record></metadata></record></GetRecord></OAI-PMH>